U.S First Ladies still alive - Statistics

General Stats
  • This quiz has been taken 160 times
  • The average score is 5 of 6
Answer Stats
Answer % Correct
Michelle Obama
100%
Hillary Clinton
95%
Laura Bush
88%
Melania Trump
88%
Jill Biden
83%
Rosalynn Carter
19%
No matching quizzes found
Score Distribution
Percent of People with Each Score
Percentile by Number Answered
Your Score History
You have not taken this quiz